000 00607nam a2200241Ia 4500
003 OSt
005 20220918200819.0
006 a|||||r|||| 00| 0
007 ta
008 220917b |||||||| |||| 00| 0 eng d
024 _a90,388
037 _cTextual
040 _aARTS
_cARTS
_beng
041 _2eng
_aeng
082 _aU8:5:M, C6 (044)
100 _aDutt Romesh Chander
_995661
245 0 _aThree years in Europe 1868-1871
250 _a4th
260 _c1896
650 _aGEOGRAPHY
942 _hU8:5:M, C6 (044)
_cTEXL
_2CC
999 _c214053
_d214053